| 000 | 00399cam a22001337a 4500 | ||
|---|---|---|---|
| 008 | 180718b1944 xxu||||| |||| 00| 0 eng d | ||
| 082 | _aG5 M787 | ||
| 100 | _aMoore, Zoe Steen | ||
| 245 |
_aEssentials of parliamentary procedure _cby Zoe Steen Moore and John B. Moore |
||
| 260 |
_aNew York _bHarper & brothers _c1944 |
||
| 300 | _a221p | ||
| 650 | _aParliamentary practice | ||
| 700 | _aMoore, John B. | ||
| 999 |
_c427178 _d427178 |
||